| 000 | 00598nam a2200193Ia 4500 | ||
|---|---|---|---|
| 003 | GCL | ||
| 008 | 140319s9999 xx 000 0 ara d | ||
| 040 |
_aGCL / _cGCL |
||
| 082 | 0 | 4 |
_a889 _bث ج |
| 100 | 1 | _aنعيم عطية | |
| 245 | 1 | 0 |
_aجسر ارتا: الثمن الفادح / _cنعيم عطية |
| 700 | 1 | _aثيوتوكا، جورج | |
| 300 | _a151 ص | ||
| 490 |
_aمسرحيات عالمية _v0 |
||
| 650 | 0 | 4 | _aالعصر الحديث |
| 650 | 0 | 4 | _aالادب اليونانى المترجم |
| 650 | 0 | 4 | _aالمسرحيات اليونانية المترجمة |
| 942 |
_2ddc _cBK |
||
| 999 |
_c47011 _d47011 |
||